000 00697nam a2200289Ia 4500
005 20260324112129.0
008 008 260324s9999 xx 000 0 eng d
020 _a9781003476566
037 _aEBOOK
040 _aCRL
040 _beng
040 _cCRL
041 _2eng
041 _aeng
084 _qCRL
100 _aCheikh Thiam
_91141420
245 0 _aEpistemologies from the Global South
245 0 _bNegritude, Modernity and the Idea of Africa
260 _bTaylor and Francis
260 _c2024
365 _a
365 _b230
856 _uhttp://www.taylorfrancis.com/books/9781003476566
942 _cEBOOK
999 _c1730512
_d1730512